ბათუმის შოთა რუსთაველის სახელმწიფო უნივერსიტეტის ბიბლიოთეკა

NAXÇİVAN ENSİKLOPEDİYASİ NE 2 CİLDDE CİLD 2 AZARBAYCAN MİLLİ ELMLƏR AKADEMİYASİNİN NAXÇİVAN BÖLMASİ (ბიბ.ჩანაწერი № 36435)

000 -LEADER
fixed length control field 00724nam a2200205Ia 4500
001 - CONTROL NUMBER
control field 2350
003 - CONTROL NUMBER IDENTIFIER
control field GE_BSU
005 - DATE AND TIME OF LATEST TRANSACTION
control field 20221026112103.0
008 - FIXED-LENGTH DATA ELEMENTS--GENERAL INFORMATION
fixed length control field 181216s2005az xx |||||||||||||| ||aze||
020 ## - INTERNATIONAL STANDARD BOOK NUMBER
International Standard Book Number 5806614689
040 ## - CATALOGING SOURCE
Transcribing agency GE_BSU
041 ## - LANGUAGE CODE
Language code of text/sound track or separate title aze
080 ## - UNIVERSAL DECIMAL CLASSIFICATION NUMBER
Universal Decimal Classification number 94(479.24)(030) N-32
245 ## - TITLE STATEMENT
Title NAXÇİVAN ENSİKLOPEDİYASİ NE 2 CİLDDE CİLD 2 AZARBAYCAN MİLLİ ELMLƏR AKADEMİYASİNİN NAXÇİVAN BÖLMASİ
264 ## - PRODUCTION, PUBLICATION, DISTRIBUTION, MANUFACTURE, AND COPYRIGHT NOTICE
Place of production, publication, distribution, manufacture Naxçivan,
Date of production, publication, distribution, manufacture, or copyright notice 2005.
300 ## - PHYSICAL DESCRIPTION
Extent 356 c. :
Other physical details илл.
653 ## - INDEX TERM--UNCONTROLLED
keyword NAXÇİVAN ENSİKLOPEDİYASİ NE 2 CİLDDE CİLD 2 AZARBAYCAN MİLLİ ELMLƏR AKADEMİYASİNİN NAXÇİVAN BÖLMASİ
653 ## - INDEX TERM--UNCONTROLLED
keyword ნაკჩივანის ენციკლოპედია
942 ## - ADDED ENTRY ELEMENTS (KOHA)
Koha item type წიგნი
Source of classification or shelving scheme
ეგზემპლარები
Withdrawn status Lost status Source of classification or shelving scheme Damaged status Not for loan Permanent Location Current Location Shelving location Date acquired Cost, normal purchase price Full call number Barcode Date last seen Copy number Price effective from Koha item type Public note
          ბათუმის შოთა რუსთაველის სახელმწიფო უნივერსიტეტის მთავარი ბიბლიოთეკა ბათუმის შოთა რუსთაველის სახელმწიფო უნივერსიტეტის მთავარი ბიბლიოთეკა წიგნსაცავი 2018-12-17 30.00 94(479.24)(030) N-32 4526 2018-12-17 4526 2018-12-17 წიგნი 30.00
          ბათუმის შოთა რუსთაველის სახელმწიფო უნივერსიტეტის მთავარი ბიბლიოთეკა ბათუმის შოთა რუსთაველის სახელმწიფო უნივერსიტეტის მთავარი ბიბლიოთეკა წიგნსაცავი 2018-12-17 30.00 94(479.24)(030) N-32 4527 2018-12-17 4527 2018-12-17 წიგნი 30.00